The essentials of macroeconomic analysis

Saved in:
Bibliographic Details
Main Author: Bilas, Richard A.
Other Authors: Alessio, Frank J.
Format: Book
Language:English
Published: Dallas : Business Publications, 1974
Subjects:
Tags: Add Tag
No Tags, Be the first to tag this record!

MARC

LEADER 00000nam a2200000 i 4500
001 1/30733
008 950809s1974 eng d
020 |a 0256012423 
035 |l 10023454 
040 |a GR-MY-UA  |b gre  |e aacr 
041 0 |a eng 
082 0 |a 339 
100 1 |a Bilas, Richard A. 
245 1 4 |a The essentials of macroeconomic analysis /  |c [by] Richard A. Bilas [and] Frank J. Alessio 
260 |a Dallas :   |b Business Publications,   |c 1974 
300 |a xi, 345 p;  |b illus;  |c 24 cm 
504 |a Bibliography: p. 329-335 
650 0 0 |a Macroeconomics. 
700 1 |a Alessio, Frank J. 
852 |a INST  |b CHIOS  |e 19950809  |h 339 BIL  |p 005200001279  |q 005200001279  |t BK  |y 0 
909 |a Χ  |b 013168